The 46th North Central Avian Disease Conference and Symposium on New Vaccines and Delivery Systems Minneapolis/St. Paul Airport Hilton, Bloomington, Minnesota, September 17-19, 1995.
Zapisane w:
| Format: | Książka |
|---|---|
| Język: | Undetermined |
| Wydane: |
Minnesota
[s.n.]
1995
|
| Hasła przedmiotowe: | |
| Etykiety: |
Dodaj etykietę
Nie ma etykietki, Dołącz pierwszą etykiete!
|
| Thư viện lưu trữ: | Trung tâm Học liệu Trường Đại học Cần Thơ |
|---|
| LEADER | 00626nam a2200181Ia 4500 | ||
|---|---|---|---|
| 001 | CTU_126567 | ||
| 008 | 210402s9999 xx 000 0 und d | ||
| 082 | |a 636.5089 | ||
| 082 | |b N864/46th | ||
| 245 | 4 | |a The 46th North Central Avian Disease Conference and Symposium on New Vaccines and Delivery Systems | |
| 245 | 0 | |b Minneapolis/St. Paul Airport Hilton, Bloomington, Minnesota, September 17-19, 1995. | |
| 260 | |a Minnesota | ||
| 260 | |b [s.n.] | ||
| 260 | |c 1995 | ||
| 650 | |a Poultry,Veterinary medicine | ||
| 650 | |x Diseases | ||
| 904 | |i M.Loan, Huỳnh Mai | ||
| 980 | |a Trung tâm Học liệu Trường Đại học Cần Thơ | ||